The construction of buildings. V.2 : windows, doors, stairs, fires, stoves and chimneys, internal finishes and external rendering /

Tallennettuna:
Bibliografiset tiedot
Päätekijä: Barry, R.
Aineistotyyppi: Kirja
Kieli:English
Julkaistu: Oxford : Blackwell Science, 1998.
Painos:5.
Aiheet:
Tagit: Lisää tagi
Ei tageja, Lisää ensimmäinen tagi!
Thư viện lưu trữ: Mạng thư viện Đại học Đà Nẵng
LEADER 01160cam a2200361 i 4500
001 000046469
003 5939
005 20030217172028.0
008 010220|1998 vm 000 eng
020 |a 0632050926 
040 |a IRC  |c IRC  |d IRC 
041 0 |a eng 
082 1 4 |a 690  |b BA-R 
100 1 |a Barry, R. 
245 0 4 |a The construction of buildings.  |n V.2 :  |p windows, doors, stairs, fires, stoves and chimneys, internal finishes and external rendering /  |c R. Barry. 
250 |a 5. 
260 |a Oxford :  |b Blackwell Science,  |c 1998. 
300 |a viii, 192p. :  |b ill. 
630 0 4 |a Building. 
650 0 4 |a Building. 
650 0 4 |a Finishes and finishing. 
OWN |a DUT 
AVA |a UDN50  |b DUT  |c Book  |d 690 BA-R  |e available  |t Error 5001 Not defined in file expand_doc_bib_avail.  |f 1  |g 0  |h N  |i 0  |j SH  |k 1 
999 |a From the UDN01 
AVA |a UDN50  |b DUT  |c Book  |d 690 BA-R  |e available  |t Error 5001 Not defined in file expand_doc_bib_avail.  |f 1  |g 0  |h N  |i 0  |j SH  |k 1 
TYP |a Monograph 
TYP |a Printed language 
980 |a Mạng thư viện Đại học Đà Nẵng